1721 1848 1532 1836 1941 1204 1969 1999 1541 1984 1203 1161 1978 1977 1500 1906 1082 1715 1569 1137 1878 1254 1292 1617 1615 1263 1225 1136 1335 1457 1367 1055 1116 1063 1320 1194 1542 1043 1702 1668 1261 1135 1355 1688 1384 1525 1508 1201 1351 1309 1465 1870 1953 1842 1574 1972 1440 1321 1377 1486 1154 1513 1592 1286 1979 1616 1099 1451 1399 1707 1803 1809 1784 1038 1138 1923 1535 1954 1151 1071 1837 1573 1172 1989 1317 1545 1372 1363 1483 1317 1926 1913 1677 1588 1107 1957 1346 1880 1554 BCNSPRNW ULIB Ver.6.0+V

เปลี่ยนเป็นภาษาไทย

Change to English
 แสดงรายละเอียดบรรณานุกรม
  กลับหน้าหลัก

Brief Record : Get Marc (ISO 2709) : E-mail record : QR code < ปิดหน้าต่าง
LEADER : 00000nam 2200000uu 4500
001    13399111657
003     ULIB
008    110627s||||||||th 000 0 tha d
020    9786165000345
090    นว.^bณ429ต 2553
100 0  ณารา
245 00 ตราบสิ้นสิเน่หา/^cณารา
250    พิมพ์ครั้งที่ 2
260    กรุงเทพฯ :^bพิมพ์คำ,^c2553
300    488 หน้า
945    ^p290^l0^i028054
995    ทศพร
999 ^a ใช้งานได้ทุกระบบ
รายการนี้ยังไม่มีแท็ก
คุณยังไม่ได้ล็อกอิน คุณสามารถมีกิจกรรมร่วมกับเว็บไซต์ได้ แต่ต้องล็อกอินก่อน ::
  ล็อกอิน

รายการสื่อสารสนเทศ

ลำดับที่ ประเภท เลขเรียก/บาร์โค้ด สถานที่ สถานะ
1. นวนิยาย
นวนิยาย
นว. ณ429ต 2553 ฉ.1 
  Barcode: 028054
ห้องสมุดวิทยาเขตสวรรค์ประชารักษ์
►นวนิยาย
ถูกยืม กำหนดส่งวันที่ 9 ธันวาคม 2559
  จอง

รายการใกล้เคียง
    ผู้แต่ง [ณารา]

BibComment


ยังไม่เคยถูกคอมเมนท์

คอมเมนท์ทรัพยากรรายการนี้
  คอมเมนท์: ตราบสิ้นสิเน่หา ณ..


 Copyright 2026. Bcnsprnw @Library